L'enfant et les sortilèges (Record no. 170328)

MARC details
000 -LEADER
campo de control de longitud fija 00762nam a22002055i 4500
001 - NÚMERO DE CONTROL
campo de control 170328
003 - IDENTIFICADOR DE NÚMERO DE CONTROL
campo de control ES-MaACL
005 - FECHA Y HORA DE LA ÚLTIMA TRANSACCIÓN
campo de control 20250918194608.0
008 - DATOS DE LONGITUD FIJA--INFORMACIÓN GENERAL
campo de control de longitud fija 090224s1962 fr |||| | fre d
080 ## - NÚMERO DE LA CLASIFICACIÓN DECIMAL UNIVERSAL
Número de la Clasificación Decimal Universal 782.1
100 1# - ENTRADA PRINCIPAL--NOMBRE DE PERSONA
Nombre de persona Colette,
Fechas asociadas al nombre 1873-1954
9 (RLIN) 161423
245 12 - MENCIÓN DEL TÍTULO
Título L'enfant et les sortilèges
Resto del título : fantaisie lyrique en deux parties /
Mención de responsabilidad, etc. par Colette ; musique de Maurice Ravel ; english translation by Katharine Wolff.
260 ## - PUBLICACIÓN, DISTRIBUCIÓN, ETC.
Lugar de publicación, distribución, etc. Paris :
Nombre del editor, distribuidor, etc. Durand & Cie.,
Fecha de publicación, distribución, etc. 1962.
300 ## - DESCRIPCIÓN FÍSICA
Extensión 49 p. ;
Dimensiones 20 cm.
500 ## - NOTA GENERAL
Nota general Texto en inglés y francés.
650 14 - PUNTO DE ACCESO ADICIONAL DE MATERIA--TÉRMINO DE MATERIA
Término de materia o nombre geográfico como elemento de entrada Óperas-
Subdivisión de forma Libretos.
9 (RLIN) 137584
700 0# - ENTRADA AGREGADA--NOMBRE PERSONAL
Nombre de persona Ravel, Maurice,
Fechas asociadas al nombre 1875-1937
9 (RLIN) 95576
852 ## - LOCALIZACIÓN
Ubicación ES-MaACL
Número de control de estantería 2249-F-20
itemnumber R.140876
Nota libre .- Biblioteca Jacinto Martínez Lacalle
Holdings
Estatus retirado Estado de pérdida Estado de daño No para préstamo Colección Biblioteca de origen Biblioteca actual Ubicación en estantería Fecha de adquisición Fuente de adquisición Total de préstamos Signatura topográfica completa Código de barras Visto por última vez Precio de reemplazo Tipo de ítem Koha
        Colección de folletos Biblioteca del Ateneo de Madrid Biblioteca del Ateneo de Madrid Depósito folletos 24/02/2009     2249-F-20 1178815 23/02/2023 23/02/2023 Folleto